Introduzione alla ecologia agraria /

Guardado en:
Autor Principal: Di Prima, Salvatore.
Formato: Libro
Idioma:Italian
Publicado: Bari : Trizio, 1958.
Series:Quaderno ; nº 1
Etiquetas: Agregar Etiqueta
Sin Etiquetas, Sea el primero en etiquetar este registro!
LEADER 00454nam a22001455a 4500
001 EEA.libagro000830
005 20150407124130.0
008 130809s1958####it#a##########000#0#ita#d
082 0 4 |a 630.2745 
100 1 |a Di Prima, Salvatore. 
245 1 0 |a Introduzione alla ecologia agraria /  |c Salvatore Di Prima. 
260 |a Bari :  |b Trizio,  |c 1958. 
300 |a 90 p. :  |b il. ;  |c 26 cm. 
490 1 |a Quaderno ;  |v nº 1 
859 |a AR-BbBCA  |b BIB. AGRONOMIA  |h 630.2745  |i D596  |p 1959/0491